000 00367pam a2200157a 44500
008 230515b2008 xxu||||| |||| 00| 0 eng d
020 _aNULL
041 _aENGLISH
082 _a0
100 _aDR BANSAL R K
245 _aA TEXT BOOK OF FLUID MECHANICS AND HUDROLIK MACHINE
250 _a0
260 _a
_bLAXMI PUB.
_c2008
300 _a1093P
650 _aNULL
999 _c591918
_d591918